LEADER 02185nam 2200697Ia 450 001 9910450229003321 005 20200520144314.0 010 $a1-283-13113-7 010 $a9786613131133 010 $a0-7748-5182-1 035 $a(CKB)1000000000246712 035 $a(OCoLC)76898580 035 $a(CaPaEBR)ebrary10125063 035 $a(SSID)ssj0000643581 035 $a(PQKBManifestationID)12256230 035 $a(PQKBTitleCode)TC0000643581 035 $a(PQKBWorkID)10653861 035 $a(PQKB)10170817 035 $a(SSID)ssj0000278262 035 $a(PQKBManifestationID)11211194 035 $a(PQKBTitleCode)TC0000278262 035 $a(PQKBWorkID)10246008 035 $a(PQKB)10450920 035 $a(MiAaPQ)EBC3412114 035 $a(CaPaEBR)404147 035 $a(CaBNvSL)gtp00521788 035 $a(MiAaPQ)EBC3244100 035 $a(Au-PeEL)EBL3412114 035 $a(CaPaEBR)ebr10130619 035 $a(CaONFJC)MIL313113 035 $a(OCoLC)923441949 035 $a(EXLCZ)991000000000246712 100 $a20030507d2003 uy 0 101 0 $aeng 135 $aurcn||||||||| 181 $ctxt 182 $cc 183 $acr 200 00$aCorporate governance in global capital markets$b[electronic resource] /$fedited by Janis Sarra 210 $aVancouver $cUBC Press$d2003 215 $a1 online resource (398 p.) 300 $aBibliographic Level Mode of Issuance: Monograph 311 $a0-7748-1005-X 311 $a0-7748-1004-1 320 $aIncludes bibliographical references and index. 606 $aCorporate governance$xLaw and legislation 606 $aCorporate governance$xLaw and legislation$zCanada 606 $aCorporate governance 608 $aElectronic books. 615 0$aCorporate governance$xLaw and legislation. 615 0$aCorporate governance$xLaw and legislation 615 0$aCorporate governance. 676 $a346/.0664 701 $aSarra$b Janis Pearl$f1954-$0864110 801 0$bMiAaPQ 801 1$bMiAaPQ 801 2$bMiAaPQ 906 $aBOOK 912 $a9910450229003321 996 $aCorporate governance in global capital markets$91928758 997 $aUNINA LEADER 02929oas 2201177 a 450 001 9910144990503321 005 20260218110037.0 011 $a1942-0994 035 $a(DE-599)ZDB2455981-7 035 $a(OCoLC)225557970 035 $a(CONSER) 2008215196 035 $a(CKB)1000000000392369 035 $a(DE-599)2455981-7 035 $a(EXLCZ)991000000000392369 100 $a20080418a20089999 sy a 101 0 $aeng 135 $aur||||||||||| 181 $ctxt$2rdacontent 182 $cc$2rdamedia 183 $acr$2rdacarrier 200 00$aOxidative medicine and cellular longevity 210 $aAustin, TX $cLandes Bioscience$d2008- 210 2 $aNew York $cHindawi Pub. Corp 210 2 $a[London] $cHindawi 210 31$a[Hoboken, NJ] :$cJohn Wiley & Sons Ltd. 215 $a1 online resource 300 $aRefereed/Peer-reviewed 311 08$a1942-0900 531 0 $aOxid. med. cell. longev. 606 $aOxidative stress$vPeriodicals 606 $aCells$xAging$vPeriodicals 606 $aOxidative Stress 606 $aCellular Senescence 606 $aCytologie 606 $aMe?tabolisme 606 $aStress oxydatif 606 $aCellules$xVieillissement 606 $ametabolism (biological concept)$2aat 606 $aCells$xAging$2fast$3(OCoLC)fst00850252 606 $aOxidative stress$2fast$3(OCoLC)fst01049566 608 $aPeriodical. 608 $aPeriodicals.$2fast 608 $aPeriodicals.$2lcgft 615 0$aOxidative stress 615 0$aCells$xAging 615 2$aOxidative Stress. 615 2$aCellular Senescence. 615 6$aCytologie. 615 6$aMe?tabolisme. 615 6$aStress oxydatif. 615 6$aCellules$xVieillissement. 615 7$ametabolism (biological concept) 615 7$aCells$xAging. 615 7$aOxidative stress. 676 $a610 712 02$aHindawi Publishing Corporation 712 02$aJohn Wiley & Sons, Ltd., 801 0$bNSD 801 1$bNSD 801 2$bOCLCS 801 2$bNSD 801 2$bTXA 801 2$bHEBIS 801 2$bPFM 801 2$bCCO 801 2$bDLC 801 2$bOCLCQ 801 2$bCUS 801 2$bOCLCF 801 2$bOCLCQ 801 2$bDLC 801 2$bVT2 801 2$bOCLCO 801 2$bWY@ 801 2$bOCLCO 801 2$bOCLCA 801 2$bBUF 801 2$bU3W 801 2$bCRU 801 2$bMOW 801 2$bAU@ 801 2$bOCLCO 801 2$bWYU 801 2$bDLC 801 2$bUKMGB 801 2$bBWN 801 2$bOCLCQ 801 2$bOCLCO 801 2$bOCLCQ 801 2$bIOY 801 2$bOCLCA 801 2$bNLM 801 2$bOCLCQ 801 2$bDLC 801 2$bOCLCL 801 2$bCASUM 801 2$bOCLCQ 906 $aJOURNAL 912 $a9910144990503321 996 $aOxidative medicine and cellular longevity$92251010 997 $aUNINA